[Event "BCF-chT2 1617 (4NCL) Demotion pool"]
[Site "England"]
[Date "2017.03.05"]
[Round "8.68"]
[White "Klingher, Bernard"]
[Black "Lopez Cadenas, Nestor"]
[Result "0-1"]
[WhiteElo "1304"]
[BlackElo "1906"]
[PlyCount "58"]
[EventDate "2016.11.19"]
[EventType "team-tourn"]
[EventRounds "11"]
[EventCountry "ENG"]
[SourceTitle "EXT 2019"]
[Source "ChessBase"]
[SourceDate "2018.10.10"]
[SourceVersion "1"]
[SourceVersionDate "2018.10.10"]
[SourceQuality "1"]
[WhiteTeam "Barbican Youth"]
[BlackTeam "White Rose II"]
[WhiteTeamCountry "ENG"]
[BlackTeamCountry "ENG"]

1. c4 Nf6 2. g3 e6 3. Bg2 d5 4. cxd5 exd5 5. Nf3 Bd6 6. 0-0 0-0 7. Nc3 c6 8. d4 Re8 9. Re1 Nbd7 10. Bg5 h6 11. Be3 Nf8 12. Rc1 Bf5 13. Nh4 Bg4 14. h3 Rxe3 15. hxg4 Bxg3 16. fxe3 Bxh4 17. Bf3 Nxg4 18. Kg2 Nxe3+ 19. Kh3 Nxd1 20. Rcxd1 Bxe1 21. Rxe1 Ng6 22. Rg1 Qh4+ 23. Kg2 Qxd4 24. Rd1 Nh4+ 25. Kh3 Nxf3 26. exf3 Qf2 27. b4 Qxf3+ 28. Kh2 Qxc3 29. Rg1 Re8 0-1

[Event "London Classic CSC U120 op 7th"]
[Site "London"]
[Date "2015.12.05"]
[Round "2"]
[White "Jaufarally, Nadia"]
[Black "Klingher, Bernard"]
[Result "1-0"]
[WhiteElo "1472"]
[BlackElo "1375"]
[PlyCount "101"]
[EventDate "2015.12.04"]
[EventType "swiss"]
[EventRounds "5"]
[EventCountry "ENG"]
[SourceTitle "CBM 169 Extra"]
[Source "ChessBase"]
[SourceDate "2015.12.18"]
[SourceVersion "1"]
[SourceVersionDate "2015.12.18"]
[SourceQuality "1"]

1. c4 e6 2. Nc3 Nf6 3. g3 d5 4. cxd5 exd5 5. e3 Be7 6. Bg2 c6 7. f4 0-0 8. Nf3 Bg4 9. 0-0 Qd7 10. d3 Bxf3 11. Qxf3 Bc5 12. Re1 Re8 13. Bd2 Na6 14. a3 Re6 15. Bh3 Rae8 16. Bxe6 Rxe6 17. Rac1 Bb6 18. b4 c5 19. b5 Nc7 20. a4 Ba5 21. Nb1 Bxd2 22. Nxd2 b6 23. e4 d4 24. Nc4 Qe8 25. Kf1 a6 26. Nd6 Qd7 27. bxa6 Nxa6 28. e5 Nb4 29. exf6 Rxe1+ 30. Rxe1 gxf6 31. Ne8 Qf5 32. Nd6 Qxd3+ 33. Qxd3 Nxd3 34. Re8+ Kg7 35. Re7 Kg6 36. Rxf7 Nb2 37. Ra7 d3 38. Ke1 c4 39. Rc7 Nxa4 40. Nxc4 Nc5 41. Nxb6 Ne4 42. Nc4 h6 43. Rd7 Nc5 44. Rd5 d2+ 45. Nxd2 Ne6 46. Ne4 f5 47. Nd6 Nxf4 48. gxf4 Kf6 49. Nxf5 Ke6 50. Rd6+ Kxf5 51. Rxh6 1-0

[Event "Hampstead op U2200 06"]
[Site "Hampstead"]
[Date "2013.06.29"]
[Round "1"]
[White "Dwarakanathan, Srinidhi"]
[Black "Klingher, Bernard"]
[Result "1-0"]
[WhiteElo "1218"]
[BlackElo "1034"]
[PlyCount "87"]
[EventDate "2013.06.29"]
[EventType "swiss"]
[EventRounds "5"]
[EventCountry "ENG"]
[SourceTitle "EXT 2014"]
[Source "ChessBase"]
[SourceDate "2013.11.20"]
[SourceVersion "1"]
[SourceVersionDate "2013.11.20"]
[SourceQuality "1"]

1. e4 e6 2. d4 d5 3. e5 c5 4. c3 Nc6 5. Nf3 Bd7 6. Be2 Qb6 7. Na3 Nge7 8. Nb5 Nf5 9. dxc5 Bxc5 10. 0-0 0-0 11. Bd2 d4 12. cxd4 Nfxd4 13. Nbxd4 Nxd4 14. Nxd4 Bxd4 15. Bf4 Qxb2 16. Rb1 Qc3 17. Rxb7 Bc6 18. Rc7 Rfd8 19. Bd2 Qc5 20. Bh5 Qxe5 21. Rxc6 g6 22. Bf3 Rac8 23. Rxc8 Rxc8 24. g3 Rd8 25. Qc2 Qc5 26. Qxc5 Bxc5 27. Rd1 f5 28. Kg2 Kf7 29. Bg5 Rxd1 30. Bxd1 e5 31. f3 e4 32. Be2 exf3+ 33. Kxf3 Bd6 34. Ke3 Ke6 35. Kd3 Kd5 36. Bf3+ Ke6 37. Kc4 Kf7 38. Kb5 Kg7 39. Ka6 h6 40. Be3 g5 41. Kxa7 f4 42. gxf4 gxf4 43. Bd4+ Kg6 44. a4 1-0